Petit Atlas historique du XXe siècle (notice n° 1961166)
[ vue normale ]
| 000 -LEADER | |
|---|---|
| fixed length control field | 01290cam a2200133 4500500 |
| 005 - DATE AND TIME OF LATEST TRANSACTION | |
| control field | 20260329034134.0 |
| 041 ## - LANGUAGE CODE | |
| Language code of text/sound track or separate title | fre |
| 042 ## - AUTHENTICATION CODE | |
| Authentication code | dc |
| 100 10 - MAIN ENTRY--PERSONAL NAME | |
| Personal name | Nouschi, Marc |
| Relator term | author |
| 245 00 - TITLE STATEMENT | |
| Title | Petit Atlas historique du XXe siècle |
| 260 ## - PUBLICATION, DISTRIBUTION, ETC. | |
| Name of publisher, distributor, etc. | Armand Colin,<br/> |
| Date of publication, distribution, etc. | 2016.<br/> |
| 520 ## - SUMMARY, ETC. | |
| Summary, etc. | Cet atlas historique présente en 47 fiches une analyse essentielle du XXe siècle qui permet de comprendre les évolutions, les rapports conflictuels ou pacifiques entre les États, les dynamiques d’intégration et d’exclusion. L’ouvrage identifie les processus qui jalonnent l’entrée dans le siècle, le « premier » et le « second » XXe siècle dominé par les superpuissances. Il éclaire les essors, les dépressions, les bouleversements politiques, économiques et idéologiques de la période. Chacune des fiches se structure autour d’une problématique soutenue par une représentation cartographique exceptionnelle.Un index des thèmes, des noms propres et des lieux facilite la compréhension de la période.Un ouvrage en deux couleurs55 cartes et schémas originauxdes chronologies, des focus, des graphiques et tableaux, des biographies, des lexiques |
| 856 41 - ELECTRONIC LOCATION AND ACCESS | |
| Uniform Resource Identifier | <a href="https://shs.cairn.info/petit-atlas-historique-du-xxe-siecle--9782200614645?lang=fr&redirect-ssocas=7080">https://shs.cairn.info/petit-atlas-historique-du-xxe-siecle--9782200614645?lang=fr&redirect-ssocas=7080</a> |
Pas d'exemplaire disponible.




Réseaux sociaux